[Event "HUN-chT 0708"]
[Site "Hungary"]
[Date "2008.04.27"]
[Round "10"]
[White "Besztercsenyi, Tibor"]
[Black "Toth, Lili"]
[Result "1/2-1/2"]
[WhiteElo "2164"]
[BlackElo "2231"]
[PlyCount "81"]
[EventDate "2007.10.14"]
[EventType "team"]
[EventRounds "11"]
[EventCountry "HUN"]
[SourceTitle "EXT 2009"]
[Source "ChessBase"]
[SourceDate "2008.11.26"]
[SourceVersion "1"]
[SourceVersionDate "2008.11.26"]
[SourceQuality "1"]
[WhiteTeam "Vasas"]
[BlackTeam "Paks"]
[WhiteTeamCountry "HUN"]
[BlackTeamCountry "HUN"]

1. e4 e6 2. d4 d5 3. Nd2 c5 4. exd5 exd5 5. Ngf3 Nc6 6. Be2 Bd6 7. 0-0 cxd4 8. Nb3 Nge7 9. Nbxd4 0-0 10. c3 a6 11. Bd3 h6 12. h3 Bc7 13. Bc2 Qd6 14. Ne2 Ng6 15. Ng3 Be6 16. Be3 Qd7 17. Qd3 f5 18. Bc5 Nge5 19. Nxe5 Nxe5 20. Qd4 f4 21. Bxf8 Rxf8 22. Rae1 Nf3+ 23. gxf3 fxg3 24. Rxe6 Qxe6 25. Kg2 gxf2 26. Bb3 Rf5 27. h4 Qd6 28. Rxf2 Bb6 29. Qd3 Qg6+ 30. Kf1 Bxf2 31. Bxd5+ Kh8 32. Kxf2 Qf6 33. Qc4 Rf4 34. Qc8+ Qf8 35. Qxb7 Rxh4 36. b4 h5 37. a4 Rf4 38. Qxa6 g5 39. Qg6 g4 40. Qxh5+ Kg7 41. Qg5+ 1/2-1/2

[Event "HUN-chT 0102"]
[Site "Hungary"]
[Date "2002.02.10"]
[Round "7"]
[White "Rigo, Janos"]
[Black "Besztercsenyi, Tibor"]
[Result "1-0"]
[WhiteElo "2342"]
[BlackElo "2242"]
[PlyCount "83"]
[EventDate "2001.??.??"]
[EventType "team"]
[EventRounds "11"]
[EventCountry "HUN"]
[SourceTitle "EXT 2004"]
[Source "ChessBase"]
[SourceDate "2003.11.25"]
[SourceVersion "1"]
[SourceVersionDate "2003.11.25"]
[SourceQuality "1"]

1. e4 e5 2. Nf3 Nc6 3. Bb5 a6 4. Ba4 Nf6 5. 0-0 b5 6. Bb3 Bb7 7. Nc3 Be7 8. d3 d6 9. a4 b4 10. Nd5 Nxd5 11. Bxd5 0-0 12. a5 Rb8 13. Ra4 Nxa5 14. Bxb7 Nxb7 15. Rxb4 Nc5 16. Rxb8 Qxb8 17. b3 Ne6 18. Be3 Qb7 19. Qa1 h6 20. Qa4 c6 21. Ra1 Ra8 22. h3 Bf6 23. b4 Nc7 24. Qa5 Rb8 25. c3 Bd8 26. Nd2 Be7 27. Nc4 Nb5 28. Qxa6 Nxc3 29. Qxb7 Rxb7 30. Ra8+ Kh7 31. Re8 Rc7 32. Rb8 f6 33. Na5 Ne2+ 34. Kf1 Nd4 35. Bxd4 exd4 36. Rb6 c5 37. b5 Rc8 38. Rb7 Bd8 39. Nc4 Ra8 40. Rd7 f5 41. exf5 Bg5 42. g3 1-0

[Event "HUN-chT 0102"]
[Site "Hungary"]
[Date "2001.12.02"]
[Round "4"]
[White "Besztercsenyi, Tibor"]
[Black "Restas, Peter"]
[Result "0-1"]
[WhiteElo "2242"]
[BlackElo "2264"]
[PlyCount "46"]
[EventDate "2001.??.??"]
[EventType "team"]
[EventRounds "11"]
[EventCountry "HUN"]
[SourceTitle "EXT 2004"]
[Source "ChessBase"]
[SourceDate "2003.11.25"]
[SourceVersion "1"]
[SourceVersionDate "2003.11.25"]
[SourceQuality "1"]

1. e4 c5 2. Nf3 d6 3. d4 cxd4 4. Nxd4 Nf6 5. Nc3 a6 6. Be2 e6 7. 0-0 Be7 8. Be3 0-0 9. Kh1 Qc7 10. f4 b5 11. a3 Bb7 12. Bf3 Nbd7 13. Qe1 Nc5 14. Bg1 Rac8 15. Rc1 Rfd8 16. Qe3 Bf8 17. Rce1 d5 18. e5 Nfe4 19. Bxe4 Nxe4 20. Nxe4 dxe4 21. Qg3 g6 22. c3 Qc4 23. Re3 Qxf1 0-1

[Event "HUN-chT 0001"]
[Site "Hungary"]
[Date "2001.04.08"]
[Round "10"]
[White "Kotan, Ladislav"]
[Black "Besztercsenyi, Tibor"]
[Result "1-0"]
[WhiteElo "2434"]
[BlackElo "2231"]
[PlyCount "45"]
[EventDate "2000.11.26"]
[EventType "team"]
[EventRounds "11"]
[EventCountry "HUN"]
[SourceTitle "EXT 2009"]
[Source "ChessBase"]
[SourceDate "2008.11.26"]
[SourceVersion "1"]
[SourceVersionDate "2008.11.26"]
[SourceQuality "1"]
[WhiteTeam "Sarospatak"]
[BlackTeam "Vasas"]
[WhiteTeamCountry "HUN"]
[BlackTeamCountry "HUN"]

1. e4 e5 2. Nf3 Nc6 3. Bb5 Nf6 4. d3 d6 5. c3 Be7 6. 0-0 0-0 7. Re1 a6 8. Ba4 b5 9. Bc2 Bb7 10. Nbd2 d5 11. Qe2 dxe4 12. dxe4 Bc5 13. h3 Nh5 14. Nh2 Nf4 15. Qf3 Ne7 16. Nb3 Bd6 17. Na5 Bc6 18. Nxc6 Nxc6 19. Bxf4 exf4 20. e5 Nxe5 21. Rxe5 Bxe5 22. Qe4 g6 23. Qxe5 1-0

[Event "HUN-chT 0001"]
[Site "Hungary"]
[Date "2001.03.25"]
[Round "9"]
[White "Besztercsenyi, Tibor"]
[Black "Horvath, Gyula"]
[Result "1/2-1/2"]
[WhiteElo "2231"]
[BlackElo "2436"]
[PlyCount "107"]
[EventDate "2000.11.26"]
[EventType "team"]
[EventRounds "11"]
[EventCountry "HUN"]
[SourceTitle "EXT 2009"]
[Source "ChessBase"]
[SourceDate "2008.11.26"]
[SourceVersion "1"]
[SourceVersionDate "2008.11.26"]
[SourceQuality "1"]
[WhiteTeam "Vasas"]
[BlackTeam "Csuti"]
[WhiteTeamCountry "HUN"]
[BlackTeamCountry "HUN"]

1. e4 c5 2. Nf3 d6 3. d4 cxd4 4. Nxd4 Nf6 5. Nc3 a6 6. Bg5 e6 7. Qd2 h6 8. Bh4 Nxe4 9. Qf4 Nf6 10. Qf3 Be7 11. 0-0-0 d5 12. g4 Nc6 13. Rg1 Bd7 14. Bg3 Nxd4 15. Rxd4 Rc8 16. Be5 Qa5 17. g5 hxg5 18. Rxg5 Rxc3 19. bxc3 Rh7 20. Rg3 Ne4 21. Rxe4 dxe4 22. Qxe4 Rh4 23. f4 Bc6 24. Qe2 Ba3+ 25. Kd1 Qd5+ 26. Ke1 Qxa2 27. Rxg7 Qb1+ 28. Qd1 Qxd1+ 29. Kxd1 Rxh2 30. Bd3 Kf8 31. Rg3 Be7 32. Bg7+ Ke8 33. Bd4 Bd6 34. Rg8+ Ke7 35. f5 Bf3+ 36. Kc1 Bf4+ 37. Kb2 e5 38. Bc5+ Kf6 39. Re8 e4 40. Bxe4 Bxe4 41. Rxe4 Be5 42. Bd4 Bxd4 43. Rxd4 Rf2 44. Rd7 Rxf5 45. Rxb7 Rb5+ 46. Rxb5 axb5 47. c4 bxc4 48. Kc3 Ke5 49. Kxc4 Ke4 50. Kb4 f5 51. c4 f4 52. c5 Kd5 53. c6 Kxc6 54. Kc4 1/2-1/2

[Event "HUN-chT2 9900"]
[Site "Hungary"]
[Date "1999.10.03"]
[Round "2"]
[White "Besztercsenyi, Tibor"]
[Black "Pusztay, Bela"]
[Result "1-0"]
[WhiteElo "2223"]
[BlackElo "2161"]
[PlyCount "79"]
[EventDate "1999.09.26"]
[EventType "team"]
[EventRounds "11"]
[EventCountry "HUN"]
[SourceTitle "EXT 2002"]
[Source "ChessBase"]
[SourceDate "2001.11.25"]
[SourceVersion "1"]
[SourceVersionDate "2001.11.25"]
[SourceQuality "1"]

1. e4 d6 2. d4 Nf6 3. Nc3 g6 4. f4 Bg7 5. Nf3 Bg4 6. Be2 c6 7. 0-0 Qc7 8. Be3 Nbd7 9. e5 Nd5 10. Nxd5 cxd5 11. c3 Nb6 12. h3 Bd7 13. exd6 exd6 14. Bd3 f5 15. Qe2 0-0 16. Rae1 Rae8 17. Qf2 Nc4 18. Bc1 b5 19. b3 Nb6 20. Bd2 a6 21. Rc1 Qd8 22. Rc2 Qf6 23. Be3 Qd8 24. Qd2 Be6 25. Qc1 Bc8 26. Bf2 h6 27. Nh2 Nd7 28. c4 bxc4 29. bxc4 dxc4 30. Bxc4+ Kh7 31. Qa3 Nf6 32. Bxa6 Bxa6 33. Qxa6 Ne4 34. Nf3 Nxf2 35. Rfxf2 Re4 36. Rc6 Qb8 37. Rxd6 Rxf4 38. Rxg6 Rc8 39. Ne5 Rxf2 40. Rxg7+ 1-0

[Event "HUN-chT2 9899"]
[Site "Hungary"]
[Date "1999.??.??"]
[Round "?"]
[White "Pinterne, Kovacs Marta"]
[Black "Besztercsenyi, Tibor"]
[Result "0-1"]
[WhiteElo "2235"]
[BlackElo "2270"]
[PlyCount "48"]
[EventDate "1998.??.??"]
[EventType "team"]
[EventRounds "12"]
[EventCountry "HUN"]
[SourceTitle "EXT 2000"]
[Source "ChessBase"]
[SourceDate "1999.11.16"]
[SourceVersion "1"]
[SourceVersionDate "1999.11.16"]
[SourceQuality "1"]

1. d4 Nf6 2. c4 e6 3. a3 d5 4. e3 Be7 5. Nf3 0-0 6. Nbd2 b6 7. Bd3 Bb7 8. 0-0 Nbd7 9. b4 c5 10. b5 a6 11. Bb2 cxd4 12. exd4 dxc4 13. Bxc4 Nd5 14. Qb3 a5 15. Rfe1 Rc8 16. Rac1 Bd6 17. Ne5 Bxe5 18. dxe5 Nf4 19. Qg3 Nxg2 20. Re4 Bxe4 21. Nxe4 Nh4 22. Nf6+ Nxf6 23. exf6 Nf5 24. Qg5 Rxc4 0-1

[Event "HUN-chT2 9899"]
[Site "Hungary"]
[Date "1998.??.??"]
[Round "?"]
[White "Besztercsenyi, Tibor"]
[Black "Goblyos, Gyorgy"]
[Result "1/2-1/2"]
[WhiteElo "2270"]
[BlackElo "2235"]
[PlyCount "46"]
[EventDate "1998.??.??"]
[EventType "team"]
[EventRounds "12"]
[EventCountry "HUN"]
[SourceTitle "EXT 2000"]
[Source "ChessBase"]
[SourceDate "1999.11.16"]
[SourceVersion "1"]
[SourceVersionDate "1999.11.16"]
[SourceQuality "1"]

1. e4 e5 2. Nf3 Nc6 3. Bb5 a6 4. Ba4 b5 5. Bb3 Na5 6. d4 exd4 7. Qxd4 Bb7 8. Bg5 Nxb3 9. axb3 f6 10. Be3 d6 11. Nc3 Ne7 12. Nd5 Qd7 13. 0-0 c5 14. Qd2 Nxd5 15. exd5 Be7 16. c4 b4 17. Rfe1 0-0-0 18. Qd3 h5 19. Bd2 Rde8 20. Re6 Bd8 21. Rae1 Ref8 22. h3 Kb8 23. Nh2 Bc8 1/2-1/2

[Event "HUN-chT2 9798"]
[Site "Hungary"]
[Date "1998.??.??"]
[Round "?"]
[White "Besztercsenyi, Tibor"]
[Black "Szeles, Karoly"]
[Result "1/2-1/2"]
[WhiteElo "2305"]
[BlackElo "2290"]
[PlyCount "35"]
[EventDate "1997.??.??"]
[EventType "team"]
[EventRounds "11"]
[EventCountry "HUN"]
[SourceTitle "EXT 1999"]
[Source "ChessBase"]
[SourceDate "1998.11.16"]
[SourceVersion "1"]
[SourceVersionDate "1998.11.16"]
[SourceQuality "1"]

1. e4 c5 2. Nf3 Nc6 3. d4 cxd4 4. Nxd4 g6 5. Nc3 Bg7 6. Be3 Nf6 7. f3 0-0 8. Nb3 d5 9. exd5 Nb4 10. d6 exd6 11. Be2 Re8 12. Bf2 Nh5 13. 0-0 Bf5 14. Nd4 Bxd4 15. Bxd4 Nxc2 16. Rc1 Nxd4 17. Qxd4 Qf6 18. Rcd1 1/2-1/2

[Event "Eger Agria op"]
[Site "Eger"]
[Date "1997.??.??"]
[Round "6"]
[White "Besztercsenyi, Tibor"]
[Black "Bali, Janos"]
[Result "0-1"]
[WhiteElo "2305"]
[BlackElo "2270"]
[PlyCount "104"]
[EventDate "1997.07.??"]
[EventType "swiss"]
[EventRounds "9"]
[EventCountry "HUN"]
[SourceTitle "EXT 2001"]
[Source "ChessBase"]
[SourceDate "2000.11.22"]
[SourceVersion "1"]
[SourceVersionDate "2000.11.22"]
[SourceQuality "1"]

1. e4 c6 2. d4 d5 3. e5 Bf5 4. Nf3 e6 5. Be2 h6 6. 0-0 Ne7 7. b3 c5 8. Ba3 Nec6 9. dxc5 Nd7 10. b4 Ndxe5 11. Nbd2 Nxf3+ 12. Nxf3 a6 13. h3 Be7 14. Bd3 Bxd3 15. cxd3 Bf6 16. Rb1 0-0 17. d4 Qc7 18. Qd2 Rfb8 19. Bb2 b5 20. a3 a5 21. Bc3 axb4 22. axb4 Ra4 23. Ra1 Rba8 24. Rxa4 Rxa4 25. Rb1 Qa7 26. Qf4 Ra3 27. Qd2 Qa4 28. Qb2 Kf8 29. g3 Ke7 30. Kg2 g5 31. g4 Ra2 32. Qb3 Qxb3 33. Rxb3 Bg7 34. Bb2 f6 35. Bc3 e5 36. Bb2 Ke6 37. Kf1 e4 38. Ne1 f5 39. gxf5+ Kxf5 40. Nc2 Ke6 41. Ke1 h5 42. Kd1 Ra4 43. Ke2 g4 44. hxg4 hxg4 45. Kd1 Bf6 46. Bc3 Bh4 47. Be1 Ra2 48. Rc3 Bf6 49. Rg3 Nxd4 50. Nxd4+ Bxd4 51. Rxg4 Bxf2 52. Bc3 e3 0-1

[Event "Eger Agria op"]
[Site "Eger"]
[Date "1997.??.??"]
[Round "1"]
[White "Besztercsenyi, Tibor"]
[Black "Gyenes, Istvan"]
[Result "1-0"]
[WhiteElo "2305"]
[BlackElo "2015"]
[PlyCount "53"]
[EventDate "1997.07.??"]
[EventType "swiss"]
[EventRounds "9"]
[EventCountry "HUN"]
[SourceTitle "EXT 2001"]
[Source "ChessBase"]
[SourceDate "2000.11.22"]
[SourceVersion "1"]
[SourceVersionDate "2000.11.22"]
[SourceQuality "1"]

1. e4 e6 2. d4 d5 3. Nc3 dxe4 4. Nxe4 Nd7 5. Nf3 Ngf6 6. Bd3 Nxe4 7. Bxe4 Nf6 8. Bd3 c5 9. 0-0 cxd4 10. Nxd4 Bc5 11. Nb3 Be7 12. Qe2 0-0 13. c3 Qc7 14. Nd4 a6 15. Bg5 Rd8 16. Rfd1 Nd5 17. Bxe7 Qxe7 18. Be4 Nf6 19. Bf3 Qc7 20. Rd2 Bd7 21. Rad1 Rab8 22. g3 b5 23. Nc2 a5 24. Ne3 Rb6 25. Ng4 Nxg4 26. Bxg4 Rc8 27. Rxd7 1-0

[Event "Eger Agria op"]
[Site "Eger"]
[Date "1997.??.??"]
[Round "3"]
[White "Besztercsenyi, Tibor"]
[Black "Pap, Janos"]
[Result "1/2-1/2"]
[WhiteElo "2305"]
[BlackElo "2125"]
[PlyCount "90"]
[EventDate "1997.07.??"]
[EventType "swiss"]
[EventRounds "9"]
[EventCountry "HUN"]
[SourceTitle "EXT 2001"]
[Source "ChessBase"]
[SourceDate "2000.11.22"]
[SourceVersion "1"]
[SourceVersionDate "2000.11.22"]
[SourceQuality "1"]

1. e4 c5 2. Nf3 d6 3. d4 cxd4 4. Nxd4 Nf6 5. Nc3 Nc6 6. Be3 e5 7. Nf3 Be6 8. Ng5 Be7 9. Be2 0-0 10. 0-0 h6 11. Nxe6 fxe6 12. f3 Kh8 13. Kh1 a6 14. a3 Rc8 15. Qd3 Nh5 16. g3 Qe8 17. f4 exf4 18. gxf4 Nf6 19. Rg1 b5 20. Rg2 b4 21. axb4 Nxb4 22. Qd2 d5 23. Rag1 Rg8 24. f5 Qf7 25. fxe6 Qxe6 26. exd5 Nbxd5 27. Bxh6 Rxc3 28. bxc3 Ne4 29. Qc1 Bc5 30. Bc4 Nf2+ 31. Rxf2 Bxf2 32. Bxg7+ Rxg7 33. Rxg7 Kxg7 34. Qg5+ Qg6 35. Qxg6+ Kxg6 36. Bxd5 Be1 37. c4 Bb4 38. Bb7 a5 39. Ba6 Kf5 40. Kg2 Ke5 41. h4 Kd4 42. Bb5 a4 43. Bxa4 Kxc4 44. Kf3 Kd5 45. Kf4 Ke6 1/2-1/2

[Event "Budapest Spring op 13th"]
[Site "Budapest"]
[Date "1997.??.??"]
[Round "8"]
[White "Besztercsenyi, Tibor"]
[Black "Pinkas, Karol"]
[Result "0-1"]
[WhiteElo "2305"]
[BlackElo "2365"]
[PlyCount "100"]
[EventDate "1997.03.??"]
[EventType "swiss"]
[EventRounds "9"]
[EventCountry "HUN"]
[SourceTitle "EXT 1998"]
[Source "ChessBase"]
[SourceDate "1997.11.17"]
[SourceVersion "1"]
[SourceVersionDate "1997.11.17"]
[SourceQuality "1"]

1. e4 e5 2. Nf3 Nc6 3. Bb5 a6 4. Ba4 Bc5 5. 0-0 Nf6 6. c3 Ba7 7. d4 Nxe4 8. dxe5 0-0 9. Qd5 Nc5 10. Bc2 Ne6 11. Nbd2 Nf4 12. Qc4 Ng6 13. Bxg6 hxg6 14. Ne4 Nxe5 15. Nxe5 d5 16. Qa4 dxe4 17. Qxe4 Re8 18. Qf4 Bf5 19. Qg3 Qd5 20. Bf4 Rad8 21. Rfe1 f6 22. Nf3 c6 23. h3 Rxe1+ 24. Nxe1 Re8 25. Be3 Bxe3 26. fxe3 Qd2 27. Qf2 Qxe3 28. Qxe3 Rxe3 29. Kf2 Re5 30. Nf3 Rd5 31. Ke3 g5 32. Nd4 Re5+ 33. Kf2 c5 34. Nxf5 Rxf5+ 35. Ke3 Rd5 36. Rb1 Kf7 37. a4 Ke6 38. b3 b6 39. c4 Rd4 40. a5 bxa5 41. Ra1 Rd6 42. Rxa5 Rc6 43. Kd3 Kd6 44. Ke4 g6 45. Kd3 f5 46. Kc3 Kc7 47. Ra2 Re6 48. b4 Re3+ 49. Kd2 Rg3 50. Ke1 cxb4 0-1

[Event "HUN-chT2 9798"]
[Site "Hungary"]
[Date "1997.??.??"]
[Round "?"]
[White "Darazs, Zoltan"]
[Black "Besztercsenyi, Tibor"]
[Result "1/2-1/2"]
[WhiteElo "2240"]
[BlackElo "2305"]
[PlyCount "22"]
[EventDate "1997.??.??"]
[EventType "team"]
[EventRounds "11"]
[EventCountry "HUN"]
[SourceTitle "EXT 1999"]
[Source "ChessBase"]
[SourceDate "1998.11.16"]
[SourceVersion "1"]
[SourceVersionDate "1998.11.16"]
[SourceQuality "1"]

1. e4 c5 2. Nc3 d6 3. Nf3 Nf6 4. d4 cxd4 5. Nxd4 a6 6. Bg5 e6 7. f4 Be7 8. Qf3 Qc7 9. 0-0-0 Nbd7 10. g4 Nb6 11. Bxf6 Bxf6 1/2-1/2

[Event "HUN-chT2 9798"]
[Site "Hungary"]
[Date "1997.??.??"]
[Round "?"]
[White "Palko, Attila"]
[Black "Besztercsenyi, Tibor"]
[Result "1/2-1/2"]
[WhiteElo "2275"]
[BlackElo "2305"]
[PlyCount "26"]
[EventDate "1997.??.??"]
[EventType "team"]
[EventRounds "11"]
[EventCountry "HUN"]
[SourceTitle "EXT 1999"]
[Source "ChessBase"]
[SourceDate "1998.11.16"]
[SourceVersion "1"]
[SourceVersionDate "1998.11.16"]
[SourceQuality "1"]

1. e4 e5 2. Nf3 Nc6 3. d4 exd4 4. Nxd4 Bc5 5. Be3 Qf6 6. c3 d6 7. Be2 Bb6 8. f3 Qg6 9. 0-0 Nge7 10. Bd3 Nxd4 11. Bxd4 0-0 12. Na3 Bd7 13. Nc4 Bxd4+ 1/2-1/2